000 01745nam a2200337 i 4500
003 DO-SdBNP
005 20250618095602.0
007 ta
008 240209s2001 dr ac 000 0 spa d
020 _a8482614177
040 _aDO-SdBNP
_bspa
_cBNPHU
_erda
082 4 _axxx
_bR382
_222
100 _aRodríguez, Federico
_929575
_4au.
_eautor
245 1 0 _aReligión 4 :
_beducación básica /
_cFederico Rodríguez ; dirección editorial Obdulia García de Escobar ; ilustración Ruddy Núñez.
246 1 3 _aReligión 4 :
_bformación integral, humana y religiosa
264 1 _aSanto Domingo, República Dominicana :
_bSantillana,
_c2001.
300 _a63 páginas :
_bilustraciones, retratos ;
_c28 cm.
336 _atexto
_btxt
_2rdacontent
337 _asin mediación
_bn
_2rdamedia
338 _avolumen
_bnc
_2rdacarrier
490 0 _aUmbral
500 _aEducación básica
500 _aFormación integral, humana y religiosa.
500 _aEste libro ha sido realizado de conformidad con el currículum vigente y ha sido sometido a la aprobación de la SEE
505 0 _gunidad 1 --
_t¿Quiénes fueron los primeros amigos de Jesús? --
_gunidad 2 --
_t¿A qué nos invita Jesús? --
_gunidad 3 --
_t¿Qué nos enseño Jesús? --
_gunidad 4 --
_t¿Somos como quiere Jesús? --
_gunidad 5 --
_t¿Qué mundo quiere Jesús? --
_gunidad 6 --
_t¿Quién es Jesús? --
_gunidad 7 --
_t¿Qué nos ha dicho Jesús de Dios? --
_gunidad 8 --
_t¿Cómo vivía Jesús? --
_gunidad 9 --
_t¿Cómo murió Jesús? --
_gunidad 10 --
_t¿Está vivo Jesús? --
590 _aInventariado, 2024/ YL
700 1 _aGarcía Escobar, Obdulia de
_eeditor
_929220
_4ed.
700 1 _aNúñez, Ruddy,
_eilustrador
_923171
_4il.
910 _aYLockward
942 _2ddc
_cLBS1
999 _c55877
_d55877